[Event "Negambo op 4th"]
[Site "Negambo"]
[Date "2018.08.20"]
[Round "10"]
[White "Pieris, TDR"]
[Black "Madurapperuma, MAD Maheshika L"]
[Result "1-0"]
[WhiteElo "1970"]
[BlackElo "1341"]
[PlyCount "127"]
[EventDate "2018.08.16"]
[EventType "swiss"]
[EventRounds "10"]
[EventCountry "SRI"]
[SourceTitle "CBM 186 Extra"]
[Source "ChessBase"]
[SourceDate "2018.08.24"]
[SourceVersion "1"]
[SourceVersionDate "2018.08.24"]
[SourceQuality "1"]

1. e4 e6 2. d4 d5 3. Nd2 Nf6 4. e5 Nfd7 5. Bd3 c5 6. c3 Qb6 7. Ne2 Nc6 8. Nf3 cxd4 9. cxd4 Bb4+ 10. Bd2 Bxd2+ 11. Qxd2 Qb4 12. a3 Qxd2+ 13. Nxd2 f5 14. Rc1 a6 15. b4 0-0 16. 0-0 Nb6 17. Nb3 Na4 18. Rc2 Bd7 19. Rfc1 Rac8 20. h3 Ne7 21. Rc7 Rfd8 22. Rxb7 Rxc1+ 23. Nexc1 Nc6 24. Rc7 Nb8 25. Nc5 Nb6 26. Nxd7 Rxd7 27. Rxd7 N6xd7 28. Nb3 Kf7 29. Kf1 Nb6 30. Nc5 Nc4 31. Bxc4 dxc4 32. Ke2 Nc6 33. Ke3 a5 34. b5 Na7 35. a4 Nc8 36. Nb7 Nb6 37. Nxa5 Nxa4 38. Nxc4 Ke7 39. Kd3 Kd7 40. Kc2 Kc7 41. Kb3 Nb6 42. Nxb6 Kxb6 43. Kc4 Kb7 44. Kc5 Kc7 45. f4 h6 46. h4 g6 47. g3 h5 48. b6+ Kd7 49. Kb5 Kc8 50. Kc6 Kb8 51. Kd6 Kb7 52. Kxe6 Kxb6 53. d5 Kc7 54. Ke7 Kc8 55. d6 Kb7 56. d7 Kc6 57. d8Q Kc5 58. Qd3 Kb4 59. Qc2 Kb5 60. Kd6 Kb4 61. Kd5 Kb5 62. Qb3+ Ka6 63. Kc6 Ka7 64. Qb7# 1-0